| 000 | 00543nam a2200205Ia 4500 | ||
|---|---|---|---|
| 005 | 20221013150343.0 | ||
| 008 | 131103s9999 xx 000 0 und d | ||
| 040 | _aLoreto College | ||
| 041 | _aEnglish | ||
| 082 |
_a153 _bTHO |
||
| 100 | _aThomson, Robert | ||
| 245 | 4 |
_aThe Psychology of thinking _cRobert Thomson |
|
| 260 |
_aHarmondsworth _bPenguin _c1959(1967printing) |
||
| 300 | _a215p | ||
| 504 | _aIncludes bibliographical references and index | ||
| 650 | _aPsychology | ||
| 651 | _aMemory | ||
| 850 | _aLCLIB | ||
| 942 | _cBK | ||
| 999 |
_c19280 _d69759 |
||